| 000 | 00424nam a2200157 a 4500 | ||
|---|---|---|---|
| 001 | 15078 | ||
| 005 | 20180713203652.0 | ||
| 008 | 140415s1969 mx 000 0 eng d | ||
| 041 | _aeng | ||
| 082 |
_a370 _bESS |
||
| 245 | 0 | 0 |
_aESSAYS ON WORLD EDUCATION : _bTHE CRISIS OF SUPPLY AND DEMAND |
| 250 | _a1a ed. | ||
| 260 |
_aMEXICO : _bOXFORD UNIVERSITY PRESS, _c1969 |
||
| 300 | _a359 | ||
| 650 | 1 | 4 | _aEDUCACION |
| 999 |
_c15078 _d15078 |
||